| 000 | 00365nam a2200145Ia 4500 | ||
|---|---|---|---|
| 008 | 150201s2010 xx 000 0 und d | ||
| 082 |
_a617.6 _bI2010M |
||
| 100 | _aCHRIS ,MILLER | ||
| 245 | _aINFECTION CONTROL & MANAGEMENT | ||
| 250 | _a4TH | ||
| 260 |
_bMOSBY _aDELHI _c2010 |
||
| 300 | _a1-365 | ||
| 650 | _aPREVENTIVE AND COMMUNITY DENTISTRY | ||
| 942 |
_2ddc _cBK |
||
| 999 |
_c4770 _d4770 |
||